000 00787nam a22002537a 4500
005 20100812143943.0
010 _aENG-99846
020 _a9380159153
_c60.00
035 _aEN-83378
037 _bDBAD/PUB
082 _a540
100 _aCeline,S.
_915407
245 _aOrigin of Wilson's disease /
_cby S.Celine
260 _aVillupuram
_bTamizhvendan Pathippagam
_c2009
270 _bVillupuram
_a9,Munusamy Nagar, East Kandasamypuram
_e606107
300 _a112p.
_c20cm (pbk)
500 _aIncludes bibliographical references
650 _aChemistry
_915408
700 _910603
700 _911537
700 _910604
942 _2ddc
_cEN
_h540
_mCEL
999 _c41387
_d41387